Arts and the market

Detalles Bibliográficos
Título anterior:Arts marketing (Online)
Formato: Electrónico Revista
Lenguaje:inglés
Publicado: Bingley : Emerald Group Publishing Limited, 2015-
Materias:
Acceso en línea:Full text available from Research Library: 01/01/2011 to 1 year ago

MARC

LEADER 00000nas a2200000 i 4500
001 ssj0001775855
003 WaSeSS
005 20200512172242.0
006 m d
007 cr n
008 150308c20159999enkfr pss 0 a0eng d
010 |a  2016207365 
016 7 |a 016776970  |2 Uk 
022 |a 2056-4953  |y 2056-4945 
035 |a (WaSeSS)ssj0001775855 
037 |a ISSN_20564945  |b Portico  |n Emerald 
040 |a Z5A  |b eng  |e pn  |c DLC  |d Z5A  |d OCLCF  |d AU@  |d COO  |d UX1  |d CNCGM  |d ZAC  |d OCLCQ  |d NLE  |d U3W  |d VVB  |d XQM  |d VMY  |d OCLCQ  |d UOK  |d OCLCQ  |d UAB  |d UKMGB  |d WYU  |d AUD  |d WaSeSS 
042 |a lccopycat 
050 0 0 |a NX634 
082 1 4 |a [E] 
222 0 |a Arts and the market 
245 0 0 |a Arts and the market  |h [electronic resource]. 
260 |a Bingley :  |b Emerald Group Publishing Limited,  |c 2015- 
310 |a Semiannual 
362 1 |a Began with: Volume 5, issue 1 (2015). 
506 |a License restrictions may limit access. 
540 |a Current Copyright Fee: GBP30.00  |c 25\0.  |5 Uk 
588 |a Description based on: Volume 5, issue 1 (2015); title from journal cover image on homepage (Emerald Insight website, viewed November 9, 2016). 
588 |a Latest issue consulted: Volume 6, issue 2 (2016). 
650 0 |a Arts  |x Marketing  |v Periodicals. 
650 7 |a Arts  |x Marketing.  |2 fast  |0 (OCoLC)fst00817780 
655 0 |a Electronic journals. 
773 0 |t Emerald Marketing eJournal Collection  |d Emerald Publishing Limited 
776 0 8 |i Print version:  |t Arts and the market  |x 2056-4945 
780 0 0 |t Arts marketing (Online)  |x 2044-2092  |w (OCoLC)751492273 
850 |a DLC 
856 4 0 |z Full text available from Research Library: 01/01/2011 to 1 year ago  |u https://search.proquest.com/publication/956333